000
00348nam a2200133Ia 4500
008
151001s9999||||xx |||||||||||||| ||und||
100
_a
चि त्र्य खानोलकर
245
_a
दीपमाळ
250
_a
1
260
_b
श्री प्रकाशन पुणे
260
_c
1974
300
_a
128
365
_b
18
999
_c
956476
_d
956473